Normal view
MARC view
- MUHAMMAD IMRAN SAEED LODHI
Entry Personal Name
001 - CONTROL NUMBER
- control field: 70216
003 - CONTROL NUMBER IDENTIFIER
- control field: NUST
005 - DATE AND TIME OF LATEST TRANSACTION
- control field: 20210628204413.0
008 - FIXED-LENGTH DATA ELEMENTS
- fixed length control field: 210628|| aca||aabn | a|a d
040 ## - CATALOGING SOURCE
- Original cataloging agency: NUST
- Transcribing agency: NUST
100 ## - HEADING--PERSONAL NAME
- Personal name: MUHAMMAD IMRAN SAEED LODHI
670 ## - SOURCE DATA FOUND
- Source citation: Work cat.: (NUST): MUHAMMAD IMRAN SAEED LODHI, TH-SOF-1673-Nonlinear Control of Tumor Growth:Nonlinear Control of Three Dimensional Cancer Model, 2019
